[Event "San Borja Nombre de Jesus III"]
[Site "San Borja"]
[Date "2015.08.13"]
[Round "4"]
[White "Pena Flores, Gustavo"]
[Black "Sanchez Su, Ian Rodrigo"]
[Result "0-1"]
[WhiteElo "1581"]
[BlackElo "1581"]
[PlyCount "54"]
[EventDate "2015.08.12"]
[EventType "swiss"]
[EventRounds "8"]
[EventCountry "PER"]
[SourceTitle "EXT 2024"]
[Source "ChessBase"]
[SourceDate "2023.10.10"]
[SourceVersion "1"]
[SourceVersionDate "2023.10.10"]
[SourceQuality "1"]

1. e4 e5 2. Nf3 Nc6 3. d4 exd4 4. Nxd4 Bc5 5. Be3 Qf6 6. c3 b6 7. Qf3 Nxd4 8. Qxf6 Nc2+ 9. Kd2 Nxf6 10. e5 Nxe3 11. exf6 Nxf1+ 12. Rxf1 gxf6 13. b4 Be7 14. Kc2 Bb7 15. g3 0-0-0 16. Nd2 Rhe8 17. f4 f5 18. Nb3 Bf6 19. Rad1 Re2+ 20. Rd2 Rde8 21. Rf2 Be4+ 22. Kb2 Re3 23. Nd4 c5 24. Nb5 cxb4 25. Nd6+ Kd8 26. Nxe8 bxc3+ 27. Kc1 cxd2+ 0-1

[Event "San Borja Nombre de Jesus III"]
[Site "San Borja"]
[Date "2015.08.12"]
[Round "5"]
[White "Vera Canales, Mariano"]
[Black "Pena Flores, Gustavo"]
[Result "0-1"]
[WhiteElo "1200"]
[BlackElo "1581"]
[PlyCount "76"]
[EventDate "2015.08.12"]
[EventType "swiss"]
[EventRounds "8"]
[EventCountry "PER"]
[SourceTitle "EXT 2024"]
[Source "ChessBase"]
[SourceDate "2023.10.10"]
[SourceVersion "1"]
[SourceVersionDate "2023.10.10"]
[SourceQuality "1"]

1. e4 e6 2. Nf3 d5 3. d3 dxe4 4. dxe4 Qxd1+ 5. Kxd1 Bc5 6. Bf4 Nf6 7. Nbd2 Bxf2 8. Bxc7 0-0 9. Bd6 Rd8 10. Be7 Re8 11. Bxf6 gxf6 12. Bb5 Bd7 13. Bxd7 Nxd7 14. Ke2 Bb6 15. Nc4 Bc5 16. Rad1 Nf8 17. Nd6 Re7 18. Rhf1 Rd8 19. Nb5 Red7 20. Rxd7 Rxd7 21. e5 Ng6 22. exf6 Nf4+ 23. Ke1 Nxg2+ 24. Ke2 a6 25. Rd1 Nf4+ 26. Ke1 Rxd1+ 27. Kxd1 axb5 28. b3 Nd5 29. Ne5 Nxf6 30. a4 bxa4 31. bxa4 Nd5 32. Nd7 Nc3+ 33. Ke1 Nxa4 34. Nxc5 Nxc5 35. Kd2 f5 36. Ke3 Kf7 37. Kd4 b6 38. Ke5 Kg6 0-1